Nosotras que contamos (Record no. 168706)

MARC details
000 -LEADER
campo de control de longitud fija 00666nam a22002175i 4500
001 - NÚMERO DE CONTROL
campo de control 168706
003 - IDENTIFICADOR DE NÚMERO DE CONTROL
campo de control ES-MaACL
005 - FECHA Y HORA DE LA ÚLTIMA TRANSACCIÓN
campo de control 20230906213850.0
008 - DATOS DE LONGITUD FIJA--INFORMACIÓN GENERAL
campo de control de longitud fija 080519s2007 sp af |||| |dspa d
020 ## - NÚMERO INTERNACIONAL ESTÁNDAR DEL LIBRO
Número Internacional Estándar del Libro 978-84-01-37981-9
080 ## - NÚMERO DE LA CLASIFICACIÓN DECIMAL UNIVERSAL
Número de la Clasificación Decimal Universal 070.42-055.2(460)
100 1# - ENTRADA PRINCIPAL--NOMBRE DE PERSONA
Nombre de persona García-Albi, Inés.
9 (RLIN) 137795
245 10 - MENCIÓN DEL TÍTULO
Título Nosotras que contamos
Resto del título : mujeres periodistas en España /
Mención de responsabilidad, etc. Inés García-Albi.
250 ## - MENCION DE EDICION
Mención de edición 1ªed.
260 ## - PUBLICACIÓN, DISTRIBUCIÓN, ETC.
Lugar de publicación, distribución, etc. Barcelona :
Nombre del editor, distribuidor, etc. Plaza y Janés,
Fecha de publicación, distribución, etc. 2007.
300 ## - DESCRIPCIÓN FÍSICA
Extensión 261 p., 16 p. de lám. col. ;
Dimensiones 24 cm.
500 ## - NOTA GENERAL
Nota general Índice.
504 ## - NOTA DE BIBLIOGRAFÍA, ETC.
Nota de bibliografía, etc. Bibliografía.
650 #4 - PUNTO DE ACCESO ADICIONAL DE MATERIA--TÉRMINO DE MATERIA
Término de materia o nombre geográfico como elemento de entrada Mujeres periodistas-
Subdivisión geográfica España.
9 (RLIN) 137797
852 ## - LOCALIZACIÓN
Ubicación ES-MaACL
Número de control de estantería L-29497
Holdings
Estatus retirado Estado de pérdida Estado de daño No para préstamo Biblioteca de origen Biblioteca actual Ubicación en estantería Fecha de adquisición Fuente de adquisición Total de préstamos Signatura topográfica completa Código de barras Visto por última vez Precio de reemplazo Tipo de ítem Koha
        Biblioteca del Ateneo de Madrid Biblioteca del Ateneo de Madrid Depósito 2 19/05/2008     L-29497 1177043 23/02/2023 23/02/2023 Libro impreso